00348nam a2200121Ia 45000010005000000080041000050820030000461000041000762450048001172600019001659010027001849990015002112467241024s9999 xx 000 0 und d aRD/027.5/AR673m/2004-2012 aArchivo General de la NAción (AGN) 0aMemoria de gestión y resultados 2004-2012 bEd. Buhoc2012 a12/9/2012 2:28:52 p.m. c9979d9979